|
|
|
|
| LEADER |
01692njm a2200409 a 4500 |
| 001 |
001244012 |
| 003 |
CZ BrMZK |
| 005 |
20130125080415.0 |
| 007 |
sd fsngnnmmned |
| 008 |
120829p20122007xr jznng cze d |
| 015 |
|
|
|a cnb002410985
|
| 024 |
3 |
|
|a 8590236062825
|
| 028 |
0 |
1 |
|a CR 0628-2
|
| 040 |
|
|
|a BOA001
|b cze
|
| 041 |
0 |
|
|d cze
|d eng
|
| 072 |
|
7 |
|a 784
|x Vokální hudba
|2 Konspekt
|9 9
|
| 080 |
|
|
|a 78.036.9
|2 MRF
|
| 080 |
|
|
|a 78.036
|2 MRF
|
| 080 |
|
|
|a (086.76)
|2 MRF
|
| 110 |
2 |
|
|a Vokální kvartet The Swings
|7 ko2003186619
|
| 245 |
1 |
0 |
|a Sen bez konce
|h [zvukový záznam]
|
| 260 |
|
|
|a Praha :
|b Radioservis a.s. ve spolupráci s Blue Season Art Agency,
|c p2012
|
| 300 |
|
|
|a 1 zvuková deska (43:38) :
|b digital ;
|c 12 cm
|
| 306 |
|
|
|a 004338
|
| 500 |
|
|
|a Kompaktní deska
|
| 505 |
0 |
0 |
|t Sen bez konce --
|t I want to be happy --
|t So rare --
|t Humoreska /
|r Ant. Dvořák, J. Slíva --
|t Jednou --
|t Královna ze Sáby --
|t Mood indigo --
|t Nebe počká --
|t Chattanooga choo choo --
|t One dozen roses --
|t Mr. Sandman --
|t Lady is a Tramp --
|t Kučeravý listonoš --
|t Poslední produkce
|
| 511 |
1 |
|
|a The Swings a Day Dream BIG Band Petra Hanzlíka
|
| 518 |
|
|
|a Nahráno: říjen - listopad 2011, červenec - září 2012 a leden 2007 (č. 7) ve studiu Good Day Records
|
| 650 |
0 |
7 |
|a jazz
|7 ph121330
|2 czenas
|
| 650 |
0 |
7 |
|a swing
|7 ph126343
|2 czenas
|
| 655 |
|
7 |
|a kompaktní desky
|7 fd201991
|2 czenas
|
| 710 |
2 |
|
|a Day Dream BIG Band Petra Hanzlíka
|7 kn20121210012
|
| 910 |
2 |
|
|a BOA001
|b CDR-1292.467
|
| 928 |
9 |
|
|a Blue Season Art Agency
|
| 990 |
|
|
|a AV
|
| 991 |
|
|
|b 201301
|
| 996 |
6 |
|
|b 2610525141
|c CDR-1292.467
|l MZK
|r Sklad / do 24 hodin
|n 0
|p p.v.
|w 001289972
|u 000010
|a 1
|e BOA001
|j MZK50
|s P
|